Maine Counties Quiz - Statistics

General Stats
  • This quiz has been taken 15,462 times
  • The average score is 11 of 16
Answers on the Map
Answers color-coded by a green-red scale on the quiz's map according to % correct below.
 
Answer Stats
County % Correct
Washington
84%
Aroostook
81%
York
75%
Cumberland
71%
Penobscot
70%
Franklin
69%
Lincoln
69%
Oxford
66%
Androscoggin
65%
Kennebec
64%
Piscataquis
63%
Waldo
63%
Somerset
62%
Knox
61%
Hancock
60%
Sagadahoc
53%
No matching quizzes found
Score Distribution
Percent of People with Each Score
Percentile by Number Answered
Your Score History
You have not taken this quiz